TV Show by Business Quiz Stats

Quiz not verified by Sporcle

Also try: 50 Divided Sitcoms
Challenge
Share
Tweet
Embed
Score 0/24 Timer 06:00
0 Plays Today
Business TV Show % Correct
Dunder Mifflin Paper CompanyThe Office
89.6%
'Tool Time' Television ProgramHome Improvement
84.2%
Duff BeerThe Simpsons
83.2%
Sunshine Cab CompanyTaxi
74.8%
Sacred Heart HospitalScrubs
69.8%
Oceanic AirlinesLost
69.3%
Monk's CafeSeinfeld
63.4%
The Bluth CompanyArrested Development
60.4%
KACL Talk RadioFrasier
55.9%
Princeton-Plainsboro Teaching HospitalHouse M.D.
55%
Sterling Cooper AdvertisingMad Men
54.5%
Paddy's PubIt's Always Sunny in Philadelphia
44.6%
Business TV Show % Correct
The Buy MoreChuck
35.6%
Planet Express DeliveryFuturama
35.1%
The Stratford InnNewhart
32.2%
Gotham Bus CompanyThe Honeymooners
31.7%
Crane, Poole and SchmidtBoston Legal
28.7%
Oceanside Wellness CentrePrivate Practice
24.8%
Lucky Aide Convenience StoreMalcolm in the Middle
18.8%
The Lightman GroupLie to Me
17.3%
California Institute of ScienceNumb3rs
11.9%
Powers Brothers AviationGeorge Lopez
11.4%
Rigby's Grocery StoreKenan and Kel
6.9%
Prescott PharmaceuticalsThe Colbert Report
4%

You're not logged in!

Compare scores with friends on all Sporcle quizzes.
Sign Up with Email
OR
Log In

You Might Also Like...

Show Comments

Extras

Top Quizzes Today


Score Distribution

Your Account Isn't Verified!

In order to create a playlist on Sporcle, you need to verify the email address you used during registration. Go to your Sporcle Settings to finish the process.